Análisis de Fausto

Kaydedildi:
Detaylı Bibliyografya
Yazar: Anderson Imbert, Enrique (Yazar)
Materyal Türü: Kitap
Dil:İspanyolca
Baskı/Yayın Bilgisi: Buenos Aires Centro Editor de América Latina 1968
Seri Bilgileri:Enciclopedia Literaria, 35
Konular:
Etiketler: Etiketle
Etiket eklenmemiş, İlk siz ekleyin!

MARC

LEADER 00000nam a2200000 a 4500
001 UCY7177
003 CL-VaPUC
008 950609e19680000AG |||||||||||||||||spa|d
082 0 4 |a Ar861.09  |b AND  |2 21 
100 0 |a Anderson Imbert, Enrique  |e author  |9 337451 
245 1 0 |a Análisis de Fausto 
300 |a 51 p 
942 |c BK 
945 |d 19950609 00:00:00  |a rbrito 
260 |a Buenos Aires  |b Centro Editor de América Latina  |c 1968 
650 7 |a POESIA ARGENTINA  |2 CL-VaPUC  |9 268280 
650 7 |a POESIA GAUCHESCA  |2 CL-VaPUC  |9 337452 
650 0 |a Crítica literaria   |9 269189 
583 |a last modification  |c 19950609 00:00:00  |k Rodrigo Vera 
490 0 |a Enciclopedia Literaria, 35 
999 |c 234609  |d 234607